Πολιτικές διαχείρισης νερού και αλληλεπιδράσεις με κοινωνικούς παράγοντες : η περίπτωση του Δήμου Μυτιλήνης : διατριβή
Αποθηκεύτηκε σε:
| Κύριος συγγραφέας: | |
|---|---|
| Συγγραφή απο Οργανισμό/Αρχή: | |
| Μορφή: | Thesis Βιβλίο |
| Γλώσσα: | Greek |
| Δημοσίευση: |
2009.
|
| Θέματα: | |
| Διαθέσιμο Online: | http://hdl.handle.net/11610/15031 |
| Ετικέτες: |
Προσθήκη ετικέτας
Δεν υπάρχουν, Καταχωρήστε ετικέτα πρώτοι!
|
MARC
| LEADER | 00000cam a2200000 i 4500 | ||
|---|---|---|---|
| 001 | 1/8261 | ||
| 008 | 100609s2009 gre d | ||
| 035 | |l 10108186 | ||
| 040 | |a GR-MY-UA |b gre |e aacr | ||
| 041 | 0 | |a gre | |
| 082 | 0 | |a 333.91 |2 (22) | |
| 100 | 1 | |a Πολύζου, Ευγενία. | |
| 245 | 1 | 0 | |a Πολιτικές διαχείρισης νερού και αλληλεπιδράσεις με κοινωνικούς παράγοντες : |b η περίπτωση του Δήμου Μυτιλήνης : διατριβή / |c Πολύζου Ευγενία ; επιβλέπων καθηγητής: Κ. Ευαγγελινός. |
| 260 | |c 2009. | ||
| 300 | |a 69 σ. : |b πιν. ; |c 30 εκ. | ||
| 500 | |a Βιβλιογραφία: σ. 55-61. | ||
| 502 | |a Διατριβή (μεταπτυχιακή) - Πανεπιστήμιο Αιγαίου, Λέσβος, 2009. | ||
| 650 | 0 | 0 | |a Environmental protection |x Citizen participation. |
| 650 | 0 | 0 | |a Environmental protection |x Public opinion. |
| 650 | 0 | 0 | |a Environmental education |x Case studies. |
| 650 | 0 | |a Environmental ethics |z Greece |z Mytilene (Lesbos) | |
| 650 | 0 | 0 | |a Water resources development |z Greece |z Mytilene (Lesbos) |
| 650 | 0 | 0 | |a Water consumption |z Greece |z Mytilene (Lesbos) |
| 650 | 0 | 0 | |a Dissertations, Academic |z Greece. |
| 700 | 1 | |a Ευαγγελινός, Κωνσταντίνος, |e dgs | |
| 710 | 2 | |a Πανεπιστήμιο Αιγαίου |b Σχολή Περιβάλλοντος |b Τμήμα Περιβάλλοντος |b Πρόγραμμα Μεταπτυχιακών Σπουδών Περιβαλλοντική Πολιτική και Διαχείριση. | |
| 852 | |a INST |b LESVOS |c DIATR |e 20100609 |h 601 |p 005100047710 |q 005100047710 |t MTXE |y 23 | ||
| 852 | |a INST |b LESVOS |c DIATR |e 20100609 |h 602 |p 005100047711 |q 005100047711 |t MTXE |y 23 | ||
| 856 | |u http://hdl.handle.net/11610/15031 | ||
| 901 | |a BIBL1-2010-2 | ||
| 909 | |a Λ |b 164684 | ||
| 909 | |a Λ |b 164685 | ||
| 924 | |a ΠΟΛΥΖΟΥ |b ΕΥΓΕΝΙΑ |y ΛΕΣΒΟΣ |z 2009-10 | ||
| 970 | |a ΤΖΑΦΕΡΗ |b ΕΥΑΓΓΕΛΙΑ |z 2010/06/09 | ||